Представление документа в формате RUSMARC

ПолеНазваниеЗначение
  Тип записи a
  Библиографический уровень m
001 Контрольный номер RU/ГПНТБ России/IBIS/84(7Кан)/Д 25-141584496
005 Дата корректировки 20260508093427.1
010 Индекс ISBN __
a ISBN 978-5-907793-11-8
b Уточнения в пер.
9 Тираж 2000
100 Данные общей обработки __
a Данные общей обработки 20260508d2024 c y0rusy0250 ca
101 Язык документа 1_
a Язык текста rus
c Язык оригинала fre
102 Страна публикации __
a Страна публикации RU
105 Кодированные данные (монография) __
a Кодированные данные (монография) a zz 000zy
181 Поле кодированных данных: вид содержания _0
a Код вида содержания (ISBD) i
182 Поле кодированных данных: тип средства _0
a Код типа средства (ISBD) n
200 Заглавие и сведения об ответственности 1_
a Заглавие 5 секретов о драконах
f Первые сведения об ответственности Франсис Деарне
g Последующие сведения об ответственности перевод с французского Людмилы Штандель, Михаила Хачатурова
g Последующие сведения об ответственности иллюстрации Филь
203 Вид содержания и тип средства __
c Тип средства непосредственный
a Вид содержания Текст
210 Выходные данные 1_
a Место издания Москва
c Издательство Пешком в историю
d Дата издания 2024
215 Физическое описание __
a Объем 46 с.
c Иллюстрации/тип воспроизводства цв. ил.
d Формат 29 см
225 Серия 2_
a Серия Книжка-картинка
333 Примечание о целевом назначении __
a Примечание о целевом назначении информационная продукция для детей, не достигших возраста шести лет
333 Примечание о целевом назначении __
a Примечание о целевом назначении для детей младшего возраста, 5-10 лет
454 Оригинал _0
1 2001
a 5 dodos pour tout savoir sur les dragons
532 Расширенное заглавие 1_
a Расширенное заглавие Пять секретов о драконах
606 Тематические рубрики __
a Основная рубрика Художественная литература
x Основная подрубрика Произведения канадской литературы
z Хронологическая подрубрика 21 в.
j Формальный подзаголовок Издания для детей
2 Код системы nlr_sh
606 Тематические рубрики __
a Основная рубрика Драконы
x Основная подрубрика Мифы и реальность
j Формальный подзаголовок Издания для детей
2 Код системы nlr_sh
686 Индексы других классификаций __
2 Код системы rubbk
a Классификационный индекс 84(7Кан)
686 Индексы других классификаций __
2 Код системы rugasnti
a Классификационный индекс 17.82.93
700 Автор _1
a Фамилия Деарне
b Имя Ф.
g Полное личное имя Франсис
4 Код отношения 070
702 Вторичная интеллектуальная ответственность _0
a Фамилия Филь
4 Код отношения 440
702 Вторичная интеллектуальная ответственность _1
a Фамилия Штандель
b Имя Л.
g Полное личное имя Людмила
4 Код отношения 730
702 Вторичная интеллектуальная ответственность _1
a Фамилия Хачатуров
b Имя М.
g Полное личное имя Михаил
4 Код отношения 730
801 Источник записи _0
b Организация ГПНТБ России
a Страна RU
c Дата составления 20260508
801 Источник записи _1
b Организация ГПНТБ России
a Страна RU
c Дата составления 20260508
852 Данные о местонахождении 5_
a Наименование организации ГПНТБ России
m Суффикс шифра хранения 111110508
b Сигла хранения ЦГБ
j Шифр хранения 84(7Кан)
p Инвентарный номер RU
899 Данные о местонахождении __
a Местонахождение ГПНТБ России
p Штрих-код 111110508
b Место хранения ЦГБ
h Классификационная часть РШ 84(7Кан)
i Авторский знак Д 25
901 Тип документа __
a Ответственный заим.